Croatia National Team Squad November 2025 World Cup Qualifiers - Statistics

General Stats
  • This quiz has been taken 11 times
  • The average score is 18 of 25
Answer Stats
Position Number # Answer % Correct
GK #1 Dominik Livaković
100%
MF #10 Luka Modrić
100%
MF #9 Andrej Kramarić
91%
FW #14 Ivan Perišić
91%
DF #2 Josip Stanišić
91%
DF #6 Josip Šutalo
91%
DF #4 Joško Gvardiol
91%
FW #7 Marco Pašalić
91%
FW #15 Mario Pašalić
91%
MAN / Zlatko Dalić
82%
DF #5 Duje Ćaleta-Car
73%
FW #20 Franjo Ivanović
73%
DF #3 Marin Pongračić
73%
MF #17 Petar Sučić
73%
FW #21 Igor Matanović
64%
GK #23 Ivica Ivušić
64%
DF #18 Kristijan Jakić
64%
DF #22 Martin Erlić
64%
MF #8 Nikola Moro
64%
MF #13 Nikola Vlašić
64%
FW #11 Petar Musa
64%
FW #19 Toni Fruk
64%
GK #12 Ivor Pandur
45%
DF #22 Luka Vušković
45%
FW #16 Mislav Oršić
36%
No matching quizzes found
Score Distribution
Percent of People with Each Score
Percentile by Number Answered
Your Score History
You have not taken this quiz